Preface to Theology (Record no. 12803)

MARC details
000 -LEADER
fixed length control field 00612nam a2200241 a 4500
020 ## - INTERNATIONAL STANDARD BOOK NUMBER
ISBN
082 00 - DEWEY DECIMAL CLASSIFICATION NUMBER
Classification number 207.73
Author Cutter GIL
100 ## - MAIN ENTRY--AUTHOR NAME
Author name Gilpin, W Clark
245 ## - TITLE STATEMENT
Title Preface to Theology
260 ## - PUBLICATION, DISTRIBUTION, ETC. (IMPRINT)
Place of publication Chicago
Name of publisher University of Chicago Press
Year of publication 1996
300 ## - PHYSICAL DESCRIPTION
Number of Pages 211p
500 ## - GENERAL NOTE
General note includes index and biblioraphy
505 2# - FORMATTED CONTENTS NOTE
Formatted contents note Biographical Notes, Index
650 ## - SUBJECT ADDED ENTRY--TOPICAL TERM
Topical Term Theology-Study and Teaching
942 ## - ADDED ENTRY ELEMENTS (KOHA)
Koha item type Books
700 1# -
-- Gilpin, W Clark
Holdings
Collection code Home library Current library Date acquired Cost, normal purchase price Full call number Accession Number Koha item type
  Henry Martyn Institute Library Henry Martyn Institute Library 06/14/2007 857.50 207.73 GIL 018397 Books
                   Copyright © 2026 | Henry Martyn Institute | Hyderabad | TS-500052 | INDIA | Implemented by hmi.edu.in
Hit-Count:

Powered by Koha